Library Banner

Time line therapy and the basis of personality (Record no. 19991)

MARC details
000 -LEADER
fixed length control field 00478nam a2200181Ia 4500
001 - CONTROL NUMBER
control field 19618
008 - FIXED-LENGTH DATA ELEMENTS--GENERAL INFORMATION
fixed length control field 140408s9999 xx 000 0 und d
020 ## - INTERNATIONAL STANDARD BOOK NUMBER
International Standard Book Number 0-916990-21-4
040 ## - CATALOGING SOURCE
Transcribing agency PK-LaUMT
082 ## - DEWEY DECIMAL CLASSIFICATION NUMBER
Classification number 153.12
Item number JAM-T
100 ## - MAIN ENTRY--PERSONAL NAME
Personal name Tad James
245 ## - TITLE STATEMENT
Title Time line therapy and the basis of personality
Statement of responsibility, etc Tad James<>Wyatt Woodsmall
260 ## - PUBLICATION, DISTRIBUTION, ETC. (IMPRINT)
Place of publication, distribution, etc Capitola,USA:
Name of publisher, distributor, etc Meta Publications,
Date of publication, distribution, etc 1988
300 ## - PHYSICAL DESCRIPTION
Extent 282 p.
546 ## - LANGUAGE NOTE
Language note EN
700 ## - ADDED ENTRY--PERSONAL NAME
Personal name Wyatt Woodsmall
942 ## - ADDED ENTRY ELEMENTS (KOHA)
Koha item type Books
Holdings
Withdrawn status Lost status Damaged status Not for loan Home library Current library Date acquired Total Checkouts Full call number Barcode Date last seen Date checked out Price effective from Koha item type
        UMT Main Campus UMT Main Campus 2014-04-07 1 153.12 JAM-T 22721 2019-07-29 2019-07-12 2014-04-23 Books